[Event "FRA-ch Seniors"]
[Site "Chartres"]
[Date "2019.??.??"]
[Round "1"]
[White "Renault, Jean Pierre"]
[Black "Goldenberg, Richard"]
[Result "0-1"]
[WhiteElo "1626"]
[BlackElo "2215"]
[PlyCount "70"]
[EventDate "2019.08.17"]
[EventType "swiss"]
[EventRounds "9"]
[EventCountry "FRA"]
[SourceTitle "EXT 2020"]
[Source "ChessBase"]
[SourceDate "2019.10.17"]
[SourceVersion "1"]
[SourceVersionDate "2019.10.17"]
[SourceQuality "1"]

1. d4 g6 2. c4 Bg7 3. e4 d6 4. Be3 c5 5. Ne2 Nf6 6. f3 b6 7. Nbc3 0-0 8. g3 Nc6 9. Bg2 e5 10. d5 Nd4 11. 0-0 a6 12. Qd2 b5 13. b3 Rb8 14. Bh6 bxc4 15. bxc4 Qa5 16. Bxg7 Kxg7 17. Rfd1 Bd7 18. Nxd4 cxd4 19. Ne2 Qc5 20. Kh1 Rb4 21. Rab1 Rfb8 22. Rxb4 Rxb4 23. Rc1 Rxc4 24. Rxc4 Qxc4 25. g4 Bb5 26. Bf1 h6 27. h4 Qa4 28. Ng3 Qa3 29. Bg2 Qc3 30. Qf2 Qc1+ 31. Kh2 Qf4 32. Kg1 h5 33. gxh5 Nxh5 34. Nxh5+ gxh5 35. Qe1 d3 0-1

[Event "FRA-ch Seniors"]
[Site "Aix les Bains"]
[Date "2007.08.25"]
[Round "11"]
[White "Renault, Jean Pierre"]
[Black "Vaisman, Volodia"]
[Result "0-1"]
[WhiteElo "1910"]
[BlackElo "2346"]
[PlyCount "84"]
[EventDate "2007.08.13"]
[EventType "swiss"]
[EventRounds "11"]
[EventCountry "FRA"]
[SourceTitle "CBM 120 Extra"]
[Source "ChessBase"]
[SourceDate "2007.11.01"]
[SourceVersion "1"]
[SourceVersionDate "2007.11.01"]
[SourceQuality "1"]

1. c4 g6 2. g3 Bg7 3. Bg2 c5 4. Nc3 Nc6 5. Nf3 a6 6. 0-0 Rb8 7. a3 b5 8. cxb5 axb5 9. d3 Nf6 10. Be3 d6 11. Qd2 0-0 12. b4 cxb4 13. axb4 Ng4 14. Rab1 Nxe3 15. fxe3 Bh6 16. d4 e6 17. Qd3 Ne7 18. e4 Qb6 19. Kh1 Bd7 20. e3 Rbc8 21. Ne2 Bc6 22. g4 Qb7 23. Ng3 Ra8 24. Rb2 Ra4 25. h4 Qa8 26. g5 Bg7 27. h5 Ra3 28. Qe2 Bxe4 29. hxg6 fxg6 30. Rf2 Bd5 31. e4 Bc4 32. Qe1 Nc6 33. e5 Bd5 34. Ne4 dxe5 35. dxe5 Ra1 36. Rb1 Rxb1 37. Qxb1 Nxe5 38. Nf6+ Bxf6 39. gxf6 Ng4 40. Rf1 Ne3 41. Rf2 Nxg2 42. Kxg2 Rxf6 0-1

[Event "FRA-ch Seniors"]
[Site "Aix les Bains"]
[Date "2007.08.19"]
[Round "6"]
[White "Rosenfeld, Imre"]
[Black "Renault, Jean Pierre"]
[Result "1/2-1/2"]
[WhiteElo "2026"]
[BlackElo "1910"]
[PlyCount "87"]
[EventDate "2007.08.13"]
[EventType "swiss"]
[EventRounds "11"]
[EventCountry "FRA"]
[SourceTitle "CBM 120 Extra"]
[Source "ChessBase"]
[SourceDate "2007.11.01"]
[SourceVersion "1"]
[SourceVersionDate "2007.11.01"]
[SourceQuality "1"]

1. d4 f5 2. Bg5 c6 3. e3 Qb6 4. Qc1 g6 5. Nf3 Bg7 6. Nbd2 Nf6 7. Be2 d6 8. c4 0-0 9. Qc2 Qc7 10. 0-0 e5 11. dxe5 dxe5 12. Rfd1 c5 13. Bxf6 Bxf6 14. Nb1 e4 15. Ne1 f4 16. Nc3 fxe3 17. fxe3 Bxc3 18. Qxc3 Qf7 19. Nf3 exf3 20. Bxf3 Be6 21. b3 Qc7 22. Rd2 Nc6 23. Rad1 Rad8 24. h4 Rxd2 25. Rxd2 Rd8 26. h5 Rxd2 27. Qxd2 Kg7 28. Qf2 Qe5 29. hxg6 hxg6 30. Qd2 Qa1+ 31. Kh2 Qe5+ 32. Kg1 Qg5 33. Kf2 Qh4+ 34. Kg1 Qg3 35. Kf1 Qe5 36. Kf2 Bf5 37. Kg1 Be4 38. Qd7+ Kf6 39. Bxe4 Qxe4 40. Qd6+ Qe6 41. Qxc5 b6 42. Qf8+ Kg5 43. Qf4+ Kh5 44. Qh2+ 1/2-1/2

[Event "FRA-chT2 West 0607"]
[Site "France"]
[Date "2007.04.01"]
[Round "11.5"]
[White "Renault, Jean Pierre"]
[Black "Nicoara, Malina"]
[Result "1/2-1/2"]
[WhiteElo "1924"]
[BlackElo "2230"]
[PlyCount "49"]
[EventDate "2006.10.15"]
[EventType "team"]
[EventRounds "11"]
[EventCountry "FRA"]
[SourceTitle "EXT 2008"]
[Source "ChessBase"]
[SourceDate "2007.11.25"]
[SourceVersion "1"]
[SourceVersionDate "2007.11.25"]
[SourceQuality "1"]
[WhiteTeam "Agneaux Saint Lo"]
[BlackTeam "Chess XV II"]
[WhiteTeamCountry "FRA"]
[BlackTeamCountry "FRA"]

1. c4 d6 2. Nc3 e5 3. g3 g6 4. Bg2 Bg7 5. d3 Nc6 6. Bd2 Nge7 7. Rb1 a5 8. a3 Be6 9. b4 axb4 10. axb4 d5 11. b5 Nb8 12. cxd5 Nxd5 13. Nf3 0-0 14. 0-0 h6 15. Qc2 c6 16. bxc6 bxc6 17. Ne4 Qc8 18. Rfc1 Bh3 19. Nd6 Qe6 20. Qc5 Bxg2 21. Kxg2 Na6 22. Qxc6 Ne7 23. Qb6 Rfb8 24. Nb7 Qxb6 25. Rxb6 1/2-1/2

[Event "FRA-chT2 West 0607"]
[Site "France"]
[Date "2006.11.26"]
[Round "3.6"]
[White "Renault, Jean Pierre"]
[Black "Imbert, Christophe"]
[Result "0-1"]
[WhiteElo "1933"]
[BlackElo "2129"]
[PlyCount "126"]
[EventDate "2006.10.15"]
[EventType "team"]
[EventRounds "11"]
[EventCountry "FRA"]
[SourceTitle "EXT 2008"]
[Source "ChessBase"]
[SourceDate "2007.11.25"]
[SourceVersion "1"]
[SourceVersionDate "2007.11.25"]
[SourceQuality "1"]
[WhiteTeam "Agneaux Saint Lo"]
[BlackTeam "Le Vesinet"]
[WhiteTeamCountry "FRA"]
[BlackTeamCountry "FRA"]

1. Nf3 Nf6 2. d4 g6 3. c4 d6 4. Nc3 Bg7 5. g3 0-0 6. Bg2 Nbd7 7. 0-0 c5 8. h3 cxd4 9. Nxd4 Nc5 10. Be3 Rb8 11. Rc1 a6 12. b4 Ncd7 13. Na4 e5 14. Nb3 Qe7 15. Qd2 Re8 16. Rfd1 Bf8 17. a3 Qe6 18. Nb6 Qf5 19. Kh2 Nxb6 20. Bxb6 Bd7 21. Qe3 Qh5 22. Kg1 Bxh3 23. Bxh3 Qxh3 24. Qf3 Ng4 25. Qg2 Qxg2+ 26. Kxg2 Rec8 27. Na5 Nf6 28. f3 Nd7 29. Ba7 Ra8 30. Be3 Rc7 31. Nb3 Rac8 32. Nd2 f5 33. a4 Kf7 34. Rb1 Ke6 35. Rh1 Nf6 36. a5 d5 37. Bb6 Rd7 38. b5 dxc4 39. bxa6 bxa6 40. Be3 Nd5 41. Bf2 Bb4 42. Nf1 Bc5 43. e4 fxe4 44. fxe4 Nc3 45. Rc1 Nxe4 46. Bxc5 Rxc5 47. Kf3 Nf6 48. Ne3 Rd3 49. Ke2 Rd4 50. g4 h5 51. gxh5 Nxh5 52. Kf2 Nf4 53. Rb1 Nd5 54. Rh6 Nxe3 55. Kxe3 Rxa5 56. Rb6+ Kd5 57. Rhxg6 Ra3+ 58. Ke2 Ra2+ 59. Ke1 Rh4 60. Rbd6+ Ke4 61. Rg1 c3 62. Rd1 Rhh2 63. Rc1 Rae2+ 0-1

[Event "FRA-chT2A 0506"]
[Site "France"]
[Date "2005.12.04"]
[Round "4.9"]
[White "Fortuit, Emilie"]
[Black "Renault, Jean Pierre"]
[Result "1-0"]
[WhiteElo "1930"]
[BlackElo "1973"]
[PlyCount "116"]
[EventDate "2005.10.27"]
[EventType "team-tourn"]
[EventRounds "11"]
[EventCountry "FRA"]
[SourceTitle "EXT 2006"]
[Source "ChessBase"]
[SourceDate "2005.11.24"]
[SourceVersion "1"]
[SourceVersionDate "2005.11.24"]
[SourceQuality "1"]
[WhiteTeam "Evry III"]
[BlackTeam "Saint Lo"]
[WhiteTeamCountry "FRA"]
[BlackTeamCountry "FRA"]

1. e4 c5 2. Nf3 d6 3. d4 cxd4 4. Nxd4 Nf6 5. Nc3 a6 6. Be2 Nc6 7. 0-0 e6 8. Be3 Qc7 9. Qd2 b5 10. a3 Bb7 11. Rad1 Be7 12. f3 0-0 13. Ndxb5 axb5 14. Nxb5 Qb8 15. Rfe1 d5 16. exd5 Nxd5 17. Bf2 Rd8 18. Qc1 h6 19. c4 Bg5 20. Qb1 Ne3 21. Rxd8+ Qxd8 22. g3 Nf5 23. Rd1 Qe7 24. f4 Bf6 25. b4 Rd8 26. Bc5 Rxd1+ 27. Qxd1 Qd8 28. Qxd8+ Nxd8 29. Kf2 Nc6 30. Bf3 Na5 31. bxa5 Ba6 32. g4 Nh4 33. Be4 Bd8 34. Bb6 Be7 35. a4 f5 36. gxf5 exf5 37. Bd5+ Kf8 38. Nc7 Bd6 39. Ne6+ Ke8 40. c5 Bb8 41. c6 Bxf4 42. Nxf4 g5 43. Ne6 Ke7 44. Bc5+ Kf6 45. Bd6 f4 46. Nc5 Nf5 47. Nxa6 Nxd6 48. Nb4 Ke7 49. Kf3 Nc8 50. Ke4 Kd6 51. Kd4 Na7 52. Bf3 Nc8 53. h3 Na7 54. Bg4 Ke7 55. c7 h5 56. c8Q Nxc8 57. Bxc8 g4 58. hxg4 h4 1-0

[Event "FRA-ch Veterans"]
[Site "Val d'Isere"]
[Date "2002.08.??"]
[Round "9.4"]
[White "Renault, Jean Pierre"]
[Black "Huguet, Bernard"]
[Result "0-1"]
[WhiteElo "1990"]
[BlackElo "2158"]
[PlyCount "80"]
[EventDate "2002.08.20"]
[EventType "swiss"]
[EventRounds "11"]
[EventCountry "FRA"]
[SourceTitle "EXT 2003"]
[Source "ChessBase"]
[SourceDate "2002.11.25"]
[SourceVersion "1"]
[SourceVersionDate "2002.11.25"]
[SourceQuality "1"]

1. d4 c5 2. d5 e5 3. e4 d6 4. Be2 Be7 5. Nf3 Nf6 6. Nbd2 0-0 7. 0-0 g6 8. a3 Ne8 9. b4 Nd7 10. Nb3 Bg5 11. bxc5 Bxc1 12. Qxc1 Nxc5 13. Nxc5 dxc5 14. Qb2 f6 15. Nd2 b6 16. Rfd1 Nd6 17. a4 a5 18. f3 Rb8 19. Bb5 Bd7 20. Bxd7 Qxd7 21. c4 Nc8 22. Qc3 Qd6 23. Re1 Rb7 24. Nb1 Re7 25. Na3 Na7 26. Rab1 f5 27. Rb2 Rf6 28. Reb1 Qd8 29. f4 Qe8 30. Rxb6 Rxb6 31. Rxb6 exf4 32. d6 Rxe4 33. h3 Rd4 34. Nc2 Nc8 35. Rb5 Rd1+ 36. Kh2 Nxd6 37. Qf3 Rd2 38. Rxa5 Ne4 39. Ne1 Qd8 40. Qxf4 Qxa5 0-1

[Event "Agneaux St Lo op 06th"]
[Site "Agneaux"]
[Date "2002.02.17"]
[Round "2"]
[White "Renault, Jean Pierre"]
[Black "Marie, Maxime"]
[Result "0-1"]
[WhiteElo "2020"]
[BlackElo "2195"]
[PlyCount "64"]
[EventDate "2002.02.15"]
[EventType "swiss"]
[EventRounds "7"]
[EventCountry "FRA"]
[SourceTitle "EXT 2003"]
[Source "ChessBase"]
[SourceDate "2002.11.25"]
[SourceVersion "1"]
[SourceVersionDate "2002.11.25"]
[SourceQuality "1"]

1. d4 Nf6 2. Bg5 c5 3. Nc3 cxd4 4. Qxd4 Nc6 5. Qh4 b5 6. Bxf6 gxf6 7. e3 b4 8. Nd1 Qa5 9. b3 Bg7 10. Ne2 f5 11. Rc1 Ba6 12. c4 Qxa2 13. Qg5 Bf6 14. Qxf5 Qxb3 15. Qe4 Qa3 16. Nd4 Bxd4 17. exd4 Qxc1 18. d5 Rc8 19. dxc6 Rxc6 20. Be2 Bxc4 21. 0-0 Bxe2 22. Qxe2 Qg5 23. Ne3 a5 24. Re1 Rg8 25. g3 e6 26. Qa2 Kf8 27. Rd1 d6 28. Qa4 Qc5 29. Ra1 h5 30. h4 Rxg3+ 31. fxg3 Qxe3+ 32. Kh2 Qf2+ 0-1

[Event "FRA-chT2"]
[Site "France"]
[Date "2001.12.??"]
[Round "4"]
[White "Renault, Jean Pierre"]
[Black "Gros, Patrick"]
[Result "1/2-1/2"]
[WhiteElo "2020"]
[BlackElo "2053"]
[PlyCount "109"]
[EventDate "2002.??.??"]
[EventType "team"]
[EventRounds "11"]
[EventCountry "FRA"]
[SourceTitle "EXT 2003"]
[Source "ChessBase"]
[SourceDate "2002.11.25"]
[SourceVersion "1"]
[SourceVersionDate "2002.11.25"]
[SourceQuality "1"]

1. d4 g6 2. c4 Bg7 3. e4 d6 4. Nc3 Nc6 5. Be3 e5 6. dxe5 dxe5 7. Qxd8+ Nxd8 8. Nb5 Ne6 9. Nf3 a6 10. Nc3 Nf6 11. h3 0-0 12. Rd1 b6 13. Bd3 Nh5 14. 0-0 Bb7 15. Nd5 Rad8 16. Bc2 Kh8 17. Rfe1 b5 18. cxb5 axb5 19. b4 Nhf4 20. Nc3 Bc6 21. Kh2 Nd4 22. Bb1 Nfe6 23. a3 Ra8 24. Bc1 Nxf3+ 25. gxf3 Nd4 26. Kg2 f5 27. Nd5 fxe4 28. fxe4 Rf7 29. Ba2 Raf8 30. Rf1 Rf3 31. Be3 Nc2 32. Rd3 Nd4 33. Bb1 Bd7 34. Rh1 c6 35. Bxd4 Rxd3 36. Bc5 cxd5 37. exd5 Ra8 38. Bxd3 Rxa3 39. Be4 Kg8 40. h4 Bh6 41. h5 g5 42. Bd6 Bg7 43. Rc1 Ra7 44. Re1 Bf6 45. h6 Ra6 46. Bc5 g4 47. d6 Ra3 48. Be3 Ra6 49. Bd5+ Kf8 50. Rc1 Bd8 51. Kg3 Bb6 52. Bc5 Bd8 53. Be3 Bb6 54. Bc5 Bd8 55. Be3 1/2-1/2

[Event "FRA-chT3 01"]
[Site "France"]
[Date "2001.01.14"]
[Round "5"]
[White "Renault, Jean Pierre"]
[Black "Poileux, Michel"]
[Result "1-0"]
[WhiteElo "2020"]
[BlackElo "1900"]
[PlyCount "102"]
[EventDate "2001.??.??"]
[EventType "team"]
[EventRounds "9"]
[EventCountry "FRA"]
[SourceTitle "EXT 2002"]
[Source "ChessBase"]
[SourceDate "2001.11.25"]
[SourceVersion "1"]
[SourceVersionDate "2001.11.25"]
[SourceQuality "1"]
[WhiteTeam "Agneaux Saint Lo"]
[BlackTeam "Sautron"]
[WhiteTeamCountry "FRA"]
[BlackTeamCountry "FRA"]

1. d4 c5 2. d5 f5 3. g3 Nf6 4. Bg2 d6 5. c4 g6 6. Nc3 Bg7 7. Nf3 Na6 8. 0-0 Nc7 9. e4 Nxe4 10. Nxe4 fxe4 11. Ng5 0-0 12. Bxe4 a6 13. Nxh7 Kxh7 14. Qh5+ Kg8 15. Bxg6 Rf6 16. Qh7+ Kf8 17. Bh6 Rxg6 18. Qxg6 Ne8 19. Rfe1 Bxh6 20. Qxh6+ Kf7 21. Qh5+ Kg7 22. Qg5+ Kf7 23. Re3 b5 24. Rae1 Ra7 25. Qh5+ Kg7 26. Qg5+ Kf7 27. b3 Nf6 28. Rf3 Qh8 29. h4 Qg7 30. Kg2 Qg6 31. Qxg6+ Kxg6 32. Rfe3 Kf7 33. f3 bxc4 34. bxc4 a5 35. g4 Ba6 36. Rc1 Rb7 37. Rb3 a4 38. Rxb7 Bxb7 39. h5 Ba6 40. Kg3 Nd7 41. h6 Ne5 42. g5 Bc8 43. f4 Ng6 44. Rf1 Bf5 45. Rf3 e6 46. dxe6+ Kxe6 47. Ra3 Bc2 48. Re3+ Kf7 49. Kg4 Bd1+ 50. Kg3 Bc2 51. a3 Bf5 1-0

[Event "Agneaux St Lo"]
[Site "Agneaux"]
[Date "1999.??.??"]
[Round "7"]
[White "Gey, Marc Emile"]
[Black "Renault, Jean Pierre"]
[Result "1-0"]
[WhiteElo "2065"]
[BlackElo "1940"]
[PlyCount "89"]
[EventDate "1999.??.??"]
[EventType "tourn"]
[EventRounds "9"]
[EventCountry "FRA"]
[SourceTitle "EXT 2000"]
[Source "ChessBase"]
[SourceDate "1999.11.16"]
[SourceVersion "1"]
[SourceVersionDate "1999.11.16"]
[SourceQuality "1"]

1. d4 Nf6 2. Nf3 b6 3. Bg5 Ne4 4. Bh4 Bb7 5. Nbd2 c5 6. Nxe4 Bxe4 7. Ng5 Bb7 8. d5 h6 9. Ne4 d6 10. e3 a6 11. c4 g5 12. Bg3 Bg7 13. Bd3 b5 14. 0-0 0-0 15. f4 bxc4 16. Bxc4 f5 17. Nc3 Qe8 18. fxg5 hxg5 19. Be2 Bc8 20. Bh5 Qd8 21. Bg6 g4 22. e4 fxe4 23. Bxe4 Rxf1+ 24. Qxf1 Nd7 25. Qf4 Nf6 26. Bg6 Rb8 27. b3 Rb4 28. Qg5 Bd7 29. Rf1 Be8 30. Ne2 Bxg6 31. Qxg6 Qe8 32. Rxf6 Qxg6 33. Rxg6 Kf7 34. Re6 a5 35. Be1 Rb5 36. Re4 c4 37. bxc4 Rb2 38. Bxa5 Rxa2 39. Bc3 Bh6 40. Kf2 Rc2 41. Rxg4 Ke8 42. Re4 Kd7 43. h4 Bc1 44. g4 Ba3 45. g5 1-0

[Event "Agneaux St Lo"]
[Site "Agneaux"]
[Date "1999.??.??"]
[Round "9"]
[White "Housieaux, David"]
[Black "Renault, Jean Pierre"]
[Result "1/2-1/2"]
[WhiteElo "2200"]
[BlackElo "1940"]
[PlyCount "62"]
[EventDate "1999.??.??"]
[EventType "tourn"]
[EventRounds "9"]
[EventCountry "FRA"]
[SourceTitle "EXT 2000"]
[Source "ChessBase"]
[SourceDate "1999.11.16"]
[SourceVersion "1"]
[SourceVersionDate "1999.11.16"]
[SourceQuality "1"]

1. d4 Nf6 2. c4 c5 3. d5 e5 4. g3 d6 5. Bg2 g6 6. Nf3 Bg7 7. 0-0 0-0 8. Nc3 a6 9. Ne1 Ne8 10. Nd3 f5 11. e4 Nf6 12. exf5 gxf5 13. f4 e4 14. Nf2 Qe8 15. a4 a5 16. Be3 Na6 17. Qe2 b6 18. g4 Nxg4 19. Nxg4 Bxc3 20. Nh6+ Kg7 21. Nxf5+ Bxf5 22. bxc3 Ra7 23. Kf2 Kh8 24. Ke1 Rg8 25. Kd2 Rag7 26. Rg1 Nb8 27. Bh1 Nd7 28. Rxg7 Rxg7 29. Rg1 Qd8 30. Qf2 Rg4 31. Rb1 Nf6 1/2-1/2

[Event "Agneaux St Lo op 03rd"]
[Site "Agneaux"]
[Date "1999.??.??"]
[Round "5"]
[White "Lemasle, Raphael"]
[Black "Renault, Jean Pierre"]
[Result "0-1"]
[WhiteElo "2090"]
[BlackElo "1900"]
[PlyCount "46"]
[EventDate "1999.02.??"]
[EventType "swiss"]
[EventRounds "7"]
[EventCountry "FRA"]
[SourceTitle "EXT 2000"]
[Source "ChessBase"]
[SourceDate "1999.11.16"]
[SourceVersion "1"]
[SourceVersionDate "1999.11.16"]
[SourceQuality "1"]

1. e4 c5 2. Nc3 Nc6 3. f4 g6 4. Nf3 Bg7 5. Bb5 Nd4 6. Nxd4 cxd4 7. Ne2 e6 8. 0-0 Ne7 9. d3 0-0 10. Qe1 d5 11. e5 a6 12. Ba4 b5 13. Bb3 Nc6 14. Qf2 f6 15. Nxd4 Nxe5 16. fxe5 fxe5 17. Nc6 Qd6 18. Qh4 Rxf1+ 19. Kxf1 Qxc6 20. Bh6 Bxh6 21. Qxh6 Bb7 22. Kg1 Rf8 23. Rf1 Qc5+ 0-1

[Event "Agneaux St Lo"]
[Site "Agneaux"]
[Date "1999.??.??"]
[Round "1"]
[White "Renault, Jean Pierre"]
[Black "Petitpas, Franck"]
[Result "1/2-1/2"]
[WhiteElo "1940"]
[BlackElo "1870"]
[PlyCount "85"]
[EventDate "1999.??.??"]
[EventType "tourn"]
[EventRounds "9"]
[EventCountry "FRA"]
[SourceTitle "EXT 2000"]
[Source "ChessBase"]
[SourceDate "1999.11.16"]
[SourceVersion "1"]
[SourceVersionDate "1999.11.16"]
[SourceQuality "1"]

1. d4 d5 2. c4 e6 3. g3 Nf6 4. Bg2 Bd6 5. Nf3 c6 6. cxd5 exd5 7. 0-0 0-0 8. Nc3 Qc7 9. a3 a5 10. Qc2 Bg4 11. Bg5 Nbd7 12. Rac1 Rac8 13. Qb3 Qb8 14. Ne1 Ne4 15. Nxe4 dxe4 16. Qe3 Rce8 17. Bxe4 Bh3 18. Ng2 Bxg2 19. Kxg2 h6 20. Bf4 Bxf4 21. gxf4 Nf6 22. f3 Nd5 23. Qd2 Qxf4 24. Qxf4 Nxf4+ 25. Kf2 f5 26. Bd3 Nxd3+ 27. exd3 Rd8 28. Rc4 Rf6 29. Re1 b5 30. Rc5 Rxd4 31. Re8+ Kf7 32. Ra8 Rxd3 33. Rxa5 Rd2+ 34. Ke3 Rxb2 35. Ra7+ Kg6 36. h4 Rh2 37. a4 Re6+ 38. Kd3 bxa4 39. Rxa4 Rhe2 40. h5+ Kg5 41. Rg4+ Kf6 42. Rg6+ Ke7 43. Rxf5 1/2-1/2

[Event "Agneaux St Lo"]
[Site "Agneaux"]
[Date "1999.??.??"]
[Round "6"]
[White "Renault, Jean Pierre"]
[Black "Restout, Bruce"]
[Result "1/2-1/2"]
[WhiteElo "1940"]
[BlackElo "2100"]
[PlyCount "56"]
[EventDate "1999.??.??"]
[EventType "tourn"]
[EventRounds "9"]
[EventCountry "FRA"]
[SourceTitle "EXT 2000"]
[Source "ChessBase"]
[SourceDate "1999.11.16"]
[SourceVersion "1"]
[SourceVersionDate "1999.11.16"]
[SourceQuality "1"]

1. d4 e6 2. c4 Nf6 3. g3 d5 4. Bg2 dxc4 5. Nf3 Bd6 6. Qa4+ Bd7 7. Qxc4 Bc6 8. 0-0 Nbd7 9. Qc2 0-0 10. Nc3 Bxf3 11. Bxf3 c6 12. Rd1 Qc7 13. b3 e5 14. dxe5 Nxe5 15. Bg2 Neg4 16. e3 Rad8 17. Bf3 Ne5 18. Be2 Qe7 19. Bb2 Rfe8 20. h3 Ng6 21. Qf5 Qc7 22. Qf3 h5 23. Rac1 Qe7 24. Bd3 Ne5 25. Qg2 Nxd3 26. Rxd3 Be5 27. Rcd1 Rxd3 28. Rxd3 Rd8 1/2-1/2